GETS Theological Seminary Library

西域文明史 (Record no. 37691)

MARC details
000 -LEADER
fixed length control field 00721nam a2200241Ia 4500
008 - FIXED-LENGTH DATA ELEMENTS--GENERAL INFORMATION
fixed length control field 210114s9999||||xx |||||||||||||| ||und||
020 ## - INTERNATIONAL STANDARD BOOK NUMBER
International Standard Book Number 7802535816
020 ## - INTERNATIONAL STANDARD BOOK NUMBER
International Standard Book Number 9787802535817
041 ## - LANGUAGE CODE
Language code of text/sound track or separate title chi
Language code of original fre
050 ## - LIBRARY OF CONGRESS CALL NUMBER
Classification number DS328.2
Item number .R68 2014
100 ## - MAIN ENTRY--PERSONAL NAME
Personal name Roux, Jean-Paul
245 #0 - TITLE STATEMENT
Title 西域文明史
Remainder of title /
Statement of responsibility, etc. 鲁保罗 (Jean-Paul Roux) 著; 耿昇译
246 ## - VARYING FORM OF TITLE
Title proper/short title 西域文明史
Remainder of title /
260 ## - PUBLICATION, DISTRIBUTION, ETC.
Place of publication, distribution, etc. 北京 :
Name of publisher, distributor, etc. 中国藏学出版社,
Date of publication, distribution, etc. 2014
300 ## - PHYSICAL DESCRIPTION
Extent 631 p.
Other physical details ;
Dimensions 23 cm.
500 ## - GENERAL NOTE
General note Translation of: L'Asie centrale : histoire et civilisations.
650 ## - SUBJECT ADDED ENTRY--TOPICAL TERM
Topical term or geographic name entry element Asia, Central Civilization.
650 ## - SUBJECT ADDED ENTRY--TOPICAL TERM
Topical term or geographic name entry element Asia, Central History.
650 ## - SUBJECT ADDED ENTRY--TOPICAL TERM
Topical term or geographic name entry element Civilization.
700 ## - ADDED ENTRY--PERSONAL NAME
Personal name 耿昇
700 ## - ADDED ENTRY--PERSONAL NAME
Personal name 鲁保罗
Holdings
Withdrawn status Lost status Damaged status Not for loan Home library Current library Shelving location Date acquired Total Checkouts Full call number Barcode Date last seen Price effective from Koha item type
        GETS Theological Seminary Library GETS Theological Seminary Library General Stacks 01/14/2021   DS328.2 .R68 2014 00025578 01/14/2021 01/14/2021 Chinese Book
OpacCredits

Contact the Librarian, GETS Library
Email: library@mygets.org









Implemented by GETS Library
(Powered by ETCA Professional Group)
GETS Theological Seminary
412 E. Rowland Street, CA 91723